Skip to content

Влияние цилазаприла на продукцию активных форм кислорода полиморфноядерными лейкоцитами у больных сахарным диабетом 2 типа Статья

Saved in:
Bibliographic Details
Main Author: Ситожевский А.В
Format: Статья
Online Access:https://znanium.com/catalog/document?id=184374
https://znanium.com/cover/0481/481948.jpg
Tags: Add Tag
No Tags, Be the first to tag this record!
LEADER 01761nam0a2200265 i 4500
001 RU\infra-m\znanium\bibl\481948
003 https://znanium.com/catalog/document?id=184374
005 20200302000000.0
100 |a 20200302d2014 m y0rusy0150 ca 
101 0 |a rus 
102 |a RU 
200 1 |a Влияние цилазаприла на продукцию активных форм кислорода полиморфноядерными лейкоцитами у больных сахарным диабетом 2 типа  |e Статья 
210 1 |a Москва  |c ФГБУ "Эндокринологический научный центр" МинЗдрав РФ  |d 2000 
215 |a 3 с. 
333 |a Аспирантура 
606 |a Медицина. Фармакология  |x Эндокринология и болезни обмена веществ  |2 local 
608 |a Статья  |2 local 
700 1 |a Ситожевский  |b А.В. 
701 1 |a Луста  |b И.В. 
701 1 |a Ефимова  |b Е.В. 
701 1 |a Кошельская  |b О.А.  |g Ольга Анатольевна  |p Национальный медицинский исследовательский центр Кардиологии 
701 1 |a Карпов  |b Р.С.  |g Ростислав Сергеевич  |p Национальный медицинский исследовательский центр Кардиологии 
801 0 |a RU  |b Общество с ограниченной ответственностью «ЗНАНИУМ»  |c 20140807  |2 rusmarc 
856 4 |a znanium.com  |m ebs_support@infra-m.ru  |n НИЦ ИНФРА-М  |u https://znanium.com/catalog/document?id=184374 
856 4 1 |a znanium.com  |d /cover/0481  |f 481948.jpg  |q image/jpeg  |u https://znanium.com/cover/0481/481948.jpg